000 00376nam a2200157Ia 4500
008 180921t1994 xxu||||| |||| 00| 0 eng d
041 _aeng
080 _a617.11
_bSRI
100 _aJayakody, R.C.
_eed.
245 _aSri lanka hospitals formulary
260 _b
_c1994
300 _a487p., 17 cm
942 _cBK
999 _c18898
_d18898
003 LK-CoDNM
040 _aLK-CoDNM
_dLK-CoDNM
_eLK-CoDNM